| 000 | 00898nam a2200229Ia 4500 | ||
|---|---|---|---|
| 999 |
_c34465 _d34465 |
||
| 001 | 214 | ||
| 003 | GE_BSU | ||
| 005 | 20200124123116.0 | ||
| 008 | 181216s2009||||ge |||||||||||||| ||geo|| | ||
| 020 | _a9789994060672 | ||
| 040 | _cGE_BSU | ||
| 041 | _ageo | ||
| 080 | _a617.053.2(075.8) ბ-16 | ||
| 245 |
_aბავშვთა ქირურგია / _cპროფესორ რამაზ კუტუბიძის რედაქციით. |
||
| 264 |
_aთბილისი : _bსაარი, _c2009. |
||
| 300 |
_a316 გვ.; _b28 სმ. |
||
| 653 | _aმედიცინა | ||
| 653 | _aბავშვთა ქირურგიის ზოგადი საკითხები | ||
| 653 | _a ქირურგიული ინფექცია | ||
| 700 |
_aკუტუბიძე,რამაზ _eრედაქტორი _96356 |
||
| 942 |
_cBK _2udc |
||